[Event "Promotion Vitrolles 03/04"]
[Site "?"]
[Date "2003.10.18"]
[Round "1"]
[White "Nakache, Jonathan"]
[Black "Mengus, Michel"]
[Result "1-0"]
[WhiteElo "1560"]
[BlackElo "1760"]
[PlyCount "97"]

1. e4 e6 2. d4 d5 3. Nd2 c5 4. c3
$6 {douteux car les Noirs egalisent facilement et infligent meme un P isole
aux Blancs sans veritable compensation} ({la meilleure ligne est} 4. exd5 4...
exd5 5. Ngf3 Nc6 6. Bb5 Bd6 7. dxc5 Bxc5 8. O-O 8... Nge7 $14) 4... dxe4 5.
Nxe4 cxd4 6. cxd4 Bb4+ (6... Nf6 7. Nxf6+ Qxf6 8. Nf3 Bb4+ 9. Bd2 Bxd2+ 10.
Qxd2 Bd7 11. Ne5 Bc6 12. Rc1 O-O 13. Bd3 Bd5 14. O-O Qe7 15. Qc2 g6 16. Be4 Qd6
17. Bxd5 Qxd5 18. Qa4 f6 19. Rc5 Qd6 20. Nc4 Qxd4 21. Rc7 {
Crawley,G-Huebner,R/Lugano op 1989/TD 89\01/1/2-1/2 (46)}) 7. Nc3 7... Nc6 {
Attaque le pion isole en d4} 8. Nf3 Nge7 9. Bb5 Qa5 10. Bxc6+ Nxc6 11. Bd2 O-O
12. Ne2 Bxd2+ 13. Qxd2 Qxd2+ 14. Nxd2 {14.Kxd2!? b6 15.Rhc1 Bb7 =/+} 14... b6
$17 15. Rc1 Nb4 16. O-O {16.Nf4 Nxa2 17.Rc7 Ba6 18.Nf3 -/+} 16... Ba6 $19 17.
Nc4 Rac8 18. b3 Rfd8 19. a3 19... Nd5 {19...Nc6 20.h3 -/+} 20. Rfd1 $15 20...
Rc7 21. Ng3 $2 {21.Rd2!? =/+} 21... Rdc8 $19 22. Ra1 ({ou} 22. Ne2 22... Bxc4
23. bxc4 Rxc4 24. Rxc4 24... Rxc4 $19) 22... Bxc4 23. bxc4 Rxc4 24. Ne4 R8c6
25. Rd3 Rc1+ 26. Rd1 Rxa1 27. Rxa1 27... f5 {27...Rc4!? 28.Rd1 Ra4 -+} 28.
Ng5 h6 29. Nf3 Rc4 30. Re1 30... Kf7 $4 {
un coup malheureux qui ote la victoire 30...Nc7 -+} 31. Ne5+ $18 31... Ke7
32. Nxc4 b5 33. Ne5 Kd6 34. Rc1 Ne7 35. Rc3 Kd5 36. Rc5+ {
36.Rc7 Ng8 37.Rd7+ Ke4 38.Rxg7 +-} 36... Kxd4 37. Rxb5 Nd5 38. Nf3+ Kc4 39.
Rb7 {39.Ra5 +-} 39... a5 40. Rxg7 Kb3 41. Ra7 (41. Rg6 $5 {
peut etre le plus court chemin} 41... Kxa3 42. Rxh6 a4 43. Rxe6 Kb4 44. Nd4 $18
) 41... a4 42. Nd4+ Kxa3 43. Nxe6 Kb4 44. Nd4 Nc3 45. Kf1 {45.f4 +-} 45...
Kc4 46. Nxf5 h5 47. Ng3 Kb3 48. Nxh5 a3 49. Rxa3+ (49. Rxa3+ Kxa3 50. Nf6 $18)
1-0

[Event "Promotion Vitrolles 03/04"]
[Site "?"]
[Date "2003.10.18"]
[Round "1"]
[White "Alpe, Jean-Charles"]
[Black "Bordenave, Robert"]
[Result "0-1"]
[WhiteElo "1430"]
[BlackElo "1690"]
[PlyCount "144"]
[EventDate "2003.??.??"]

1. d4 d5 2. c4 c6 3. cxd5 cxd5 4. Nf3 Nf6 5. Nc3 e6 6. Bf4 a6 7. e3 Qa5 $146 8.
Bd3 Nbd7 9. a3 Be7 10. h3 O-O 11. O-O b5 12. b4 Qb6 13. Qc2 Bb7 14. Rfe1 {
14.Rac1 Rfc8 +/=} Rac8 $11 15. Qd2 (15. Rac1 Ne4 16. Bxe4 dxe4 $11) 15... Ne4
16. Bxe4 dxe4 17. Ne5 Nxe5 18. Bxe5 Bd5 19. Rac1 Rc4 20. Qb2 Rfc8 21. Ne2 {
21.Nxd5 exd5 22.Rxc4 Rxc4 23.Rc1 =/+} R8c6 {21...a5!? -/+} 22. Rxc4 $11 Rxc4
23. Rc1 Qc6 24. Rxc4 Qxc4 25. Qc3 $4 {donne un contrejeu a l'adversaire} (25.
Nc3 Qd3 26. Nxd5 exd5 27. Qc1 Qc4 28. Qd2 Qb3 29. Qc1 Qc4 $11) 25... g6 $4 {
donne une nouvelle chance a l'adversaire} (25... f6 $142 26. Bg3 a5 (26... Qxe2
$6 27. Qc8+ Kf7 28. Qd7 $17 {avec Bd6 a venir, regagnant la piece}) 27. Qb2
axb4 28. axb4 Qxb4 $19) 26. Qxc4 $11 Bxc4 27. Nc3 f5 28. Bc7 Kf7 29. Be5 Ke8
30. Bc7 Kd7 31. Bb6 Kc6 32. Bc5 Bf6 33. g3 Bd8 34. Bf8 Bc7 35. Kg2 Bd5 36. Bc5
e5 37. Kg1 f4 {ou 37...exd4 38.exd4 f4 39.Ne2 -/+} 38. g4 (38. gxf4 $142 $5 {
est une option viable} exf4 39. f3 exf3 40. e4 Bc4 41. Kf2 $11) 38... exd4 $17
39. Bxd4 fxe3 40. Bxe3 Be5 41. Bd2 Kd6 42. Kf1 Bc4+ 43. Ke1 Bd3 44. Nd1 Kc6 45.
Bc1 Bf6 46. Nb2 {meilleur est 46.g5!? Be5 47.h4 suivi de 48.Bb2 =/+} Bc3+ $17
47. Kd1 Bf1 48. h4 Bh3 49. g5 Bd4 50. Ke1 ({si} 50. Ke2 Bg4+ 51. Ke1 Kd5 52.
Kf1 Bf3 53. Kg1 Bc3 54. Kf1 Ke5 55. Kg1 Kf5 56. Kf1 Kg4 $19 {
et les Blancs perdent du materiel}) 50... Kd5 51. Nd1 Kc4 52. Ne3+ Kb3 53. Nd5
Be6 {53...Kc2 54.Bf4 Bb2 -+} 54. Nc7 Bc8 55. Nd5 Kc2 56. Be3 Bb2 57. Bd2 Bxa3
58. Nf6 Kb3 59. Nxh7 Bf5 60. Nf6 Bxb4 61. Nd5 ({si} 61. Bxb4 Kxb4 62. Nd5+ Kc5
63. Ne7 Kd6 64. Nxf5+ gxf5 $19) 61... Bxd2+ $2 {n'est pas une bonne decision
car l'adversaire revient dans la partie 61...Bd6 62.Ba5 b4 -+} 62. Kxd2 $17 Bg4
63. Nf6 {#} Bf3 $4 {les Noirs manquent le coche} (63... Be6 $142 $1 {
il fallait assurer la nulle} 64. Nxe4 Ka3 65. Nc5 Bf5 66. Nxa6 b4 67. Nxb4 Kxb4
68. Ke3 Kc4 69. Kf4 Bc2 70. Kg4 Bf5+ 71. Kf4 $11) 64. Ke3 $4 {
les Blancs n'ont pas saisi leur chance} (64. h5 $1 Bxh5 65. Nxh5 a5 66. Nf4 Kb2
67. Nxg6 a4 68. Ne5 a3 69. g6 a2 70. g7 a1=Q 71. g8=Q Qc1+ 72. Ke2 Qc5 73. Qg5
b4 74. Qf4 Qc2+ 75. Qd2 Qxd2+ 76. Kxd2 Ka2 77. Ke3 $18) 64... Ka3 {
64...b4 65.Kd2 Ka3 66.Nd5 -+} 65. Nxe4 $4 {
dommage, il y avait une 2eme chance a saisir} (65. h5 $142 $1 Bxh5 66. Nxh5 b4
67. Nf6 a5 68. Nxe4 a4 69. Kd3 $18) 65... Bd1 {65...Bxe4 65.h5 Bd5 -+} 66. f4
b4 67. Nf6 (67. Kd4 $142 {
menacant f5 est meilleur mais ne suffit pas pour sauver la partie} Bc2 68. f5
gxf5 69. Nd2 f4 70. h5 b3 71. Kc3 a5 72. g6 a4 73. Nf3 Ka2 74. Nd2 Bf5 $19)
67... b3 $19 68. h5 {si 68.Ne4 Bc2 69.Nd2 Kb4 suivi de ...a5 -+} b2 69. hxg6
b1=Q 70. g7 Bb3 71. g8=Q Bxg8 72. Nxg8 Qb3+ 0-1

[Event "Promotion Vitrolles 03/04"]
[Site "?"]
[Date "2003.10.04"]
[Round "1"]
[White "Damofli, Jean"]
[Black "Andreis, Pierre"]
[Result "0-1"]
[WhiteElo "1430"]
[BlackElo "1700"]
[PlyCount "116"]

1. d4 d5 2. c4 dxc4 3. e4 e5 4. d5 $6 (4. Nf3 {
est le coup juste} 4... exd4 5. Bxc4 Nc6 6. O-O Be6 7. Bxe6 fxe6 8. Qb3 Qd7 9.
Qxb7 Rb8 10. Qa6 Nf6 11. Nbd2 Bb4 12. Nc4 O-O 13. a3 Bc5 14. b4 Bb6 15. b5 Ne7
16. Nfe5 Qe8 17. a4 Nxe4 18. Ba3 18... Nd5 {
Karpov,A-Anand,V/Dortmund 1997/CBM 60/Huzman/1/2-1/2 (32)}) 4... Nf6 5. Bg5
$146 ({plutot} 5. Nc3 5... b5 6. Qc2 Bb4 7. a4 7... c6 $17) 5... c6 6. Bxc4
Qa5+ 7. Bd2 7... Bb4 {7...Qc5 8.Qe2 cxd5 9.exd5 Nxd5 10.Qxe5+ Be6 =/+} 8. a3
{8.Nc3 cxd5 9.Bxd5 0-0 =} 8... Bxd2+ $15 9. Qxd2 9... Qxd2+ {
9...Qc5 10.Qe2 b5 11.Bb3 =/+} 10. Nxd2 $11 10... O-O 11. Ngf3 cxd5 12. exd5
Rd8 13. Rd1 {#} 13... Nxd5 $2 (13... e4 $142 {autorise les Noirs a continuer}
14. Ng5 14... Bf5 $11 (14... Nxd5 $2 {est inferieur} 15. Nf1 $1 (15. Ngxe4 $6 {
est plus faible} 15... Nc6 $11) (15. Ndxe4 Be6 16. Nc5 $18) 15... Be6 16. Ne3
$18)) 14. Ne4 $18 {
mais pas 14.Nxe5?! Nc6 15.Ne4 Nxe5 16.Bxd5 Be6 17.Bxe6 fxe6 =} 14... Be6 15.
O-O $4 {les Blancs ratent une excellente chance} (15. Nc3 $142 15... Nc6 16.
Bxd5 Bxd5 17. Nxd5 f6 18. Ke2 $18) 15... Nc6 $11 16. Nc5 Na5 (16... Nf4 17.
Nxe6 Nxe6 18. Rde1 Rac8 19. Bxe6 fxe6 20. Nxe5 Nxe5 21. Rxe5 21... Rc2 $11) 17.
Nxe6 $14 17... fxe6 {pire est 17...Nxc4 18.Nxd8 Rxd8 19.b3 +-} 18. Ba2 Nc6
19. Rfe1 Kf8 20. Nxe5 Nxe5 21. Rxe5 Nc3 (21... Nb4 22. Bb3 Nc6 23. Re3 $11 (23.
Rxe6 $143 23... Nd4 24. Rxd4 24... Rxd4 $17)) 22. Rxd8+ $14 22... Rxd8 23. Bb3
Nd5 (23... Nd1 $5 24. Re2 Rd3 25. Bc4 Rd4 26. b3 Nc3 27. Re1 e5 28. f3 (28.
Rxe5 $2 28... Rd1+ 29. Bf1 Nb1 30. Re2 Nd2 31. Rxd2 31... Rxd2 $17) 28... b5
29. Bf1 29... Rd5 $14) 24. Rxe6 $16 24... Nf6 25. Re2 Rd3 26. Bc2 Rd6 27. h3
Rb6 28. Bb1 Rc6 29. Rc2 Rxc2 30. Bxc2 Ke7 31. f3 Ke6 32. Kf2 Ke5 33. g3 g5 34.
Ke2 {34.Bd3 a5 +/-} 34... Kd4 (34... Nh5 35. Bxh7 Nxg3+ 36. Kf2 36... Kf4 $14
) 35. Kd2 a5 (35... Nh5 36. h4 h6 37. hxg5 hxg5 38. g4 38... Nf4 $14) 36. b3 h6
37. g4 {37.Bg6!? +/=} 37... b5 $11 38. Bd3 b4 39. a4 {
39.axb4!? axb4 40.Bc4 =/+} 39... Nd5 $15 40. Bc4 Nf4 41. Bf1 Ne6 42. Bc4 Nc5
43. Bf7 Nd3 44. Bc4 Ne5 45. Be2 Nd7 46. Bb5 {46.Bd1 =} 46... Nc5 $17 47. Bc4
Nxa4 48. bxa4 $4 (48. Be2 $142 48... Nc3 49. Bd3 a4 50. bxa4 50... Nxa4 $19)
48... Kxc4 49. Kc2 Kd4 50. Kd2 b3 51. Kc1 {
51.Ke2 perd aussi b2 52.Kf1 b1Q+ -+} 51... Ke3 {
51...Kc3 gagne plus vite 52.f4 b2+ 53.Kb1 gxf4 -+} 52. Kb2 $19 52... Kxf3 53.
Kxb3 Kg3 54. Kc4 Kxh3 55. Kb5 Kxg4 56. Kxa5 h5 57. Kb4 h4 58. a5 h3 0-1

[Event "Promotion Vitrolles 03/04"]
[Site "?"]
[Date "2003.11.08"]
[Round "2"]
[White "Bordenave, Robert"]
[Black "Damofli, Jean"]
[Result "1-0"]
[WhiteElo "1690"]
[BlackElo "1430"]
[PlyCount "107"]

1. d4 Nf6 2. Nf3 g6 3. Bf4 Bg7 4. e3
O-O 5. h3 d6 6. Be2 c6 7. O-O Nbd7 8. c3 Qc7 9. Nbd2 e5 10. Bh2 Re8 11. Qc2 c5
12. dxe5 Nxe5 13. Nxe5 dxe5 14. Rfd1 b6 15. f3 {
Consolide e4+g4 15.Nc4 Bf5 16.Qc1 Bf8 +/=} 15... Bb7 16. e4 Rad8 17. Nc4 Nh5
18. Ne3 Rxd1+ 19. Rxd1 19... Rd8 {ou 19...Nf4 20.Bc4 Rd8 =} 20. c4 {
20.Rxd8!? Qxd8 21.Qa4 +/=} 20... Rxd1+ $11 21. Qxd1 Qe7 22. Nd5 {
Le cavalier blanc est bien poste.} 22... Qg5 23. Bf1 23... Nf4 {
Prepare la manoeuvre Nh5-f4-e6-d4} 24. Kh1 24... Ne6 {
24...Qd8 25.Qa4 a6 26.b4 Ne6 =} 25. Qe1 {
25.Qa4!? Bxd5 26.cxd5 Nf8 27.Qxa7 Qc1 28.Qa6 Qxb2 +/=} 25... Nd4 $11 26. Qe3
{26.f4 (liberant le Bh2) exf4 27.Bxf4 Qd8 = } 26... Qxe3 $15 27. Nxe3 f5 28.
Nd5 28... fxe4 $6 {28...Kf7 =/+ en vue de la finale est meilleur} 29. fxe4 g5
30. Bd3 h5 31. Kg1 Kf7 32. Kf2 h4 33. Ne3 a6 34. Nd5 b5 35. Nc3 {
35.Ke3 b4 36.Be2 =} 35... b4 $15 36. Na4 Ne6 37. Nb6 37... Nd4 $2 {
37...Nf4!? 38.Bc2 Ke6 39.Nd5 Kd6 =/+} 38. Nd7 $14 38... Ne6 39. Nxe5+ 39...
Bxe5 {39...Ke7!? 40.b3 Nd4 +/=} 40. Bxe5 $16 40... a5 41. Ke3 41... Kg6 $2 {
41...Ke7!? 42.b3 +/-} 42. b3 (42. Be2 $5 42... a4 43. Bg4 Kf7 44. Bd6 b3 45.
axb3 axb3 46. Bxe6+ Kxe6 47. Bxc5 Ke5 48. Bd4+ Ke6 49. Bc3 Ke7 50. Kd4 Kf6 51.
Ba5 Bc6 52. Bb6 Bb7 53. Bd8+ Kg6 54. Be7 54... Ba6 $18 {c'est gagnant d'apres
Fritz mais en pratique les Noirs peuvent annuler grace aux B de couleurs
opposees}) 42... Kf7 43. Be2 {#} 43... Kg6 $2 {43...Ke7 tient la position
(malgre l'evaluation +- de Fritz) 44.Bg4 Bc6 (/\...a4) sans craindre 45.Bxe6
Kxe6 et les B de couleurs opposees devraient assurer la nulle aux Noirs. Mais
il ne faut surtout pas laisser echanger le B blanc de cases noires contre le
N} 44. Bg4 44... Nd8 $2 {les Noirs perdent un 2eme P} (44... Kf7 45. Bd6 Bc6
46. Bxe6+ Kxe6 47. Bxc5 Ke5 48. Bd4+ Ke6 49. Bb6 a4 50. Kd4 axb3 51. axb3 51...
Bd7 $18) 45. Bd6 Nc6 46. Bxc5 Ne5 47. Bf5+ 47... Kf6 $2 48. Bd4 Ba8 49. Bd7 $6
(49. Bxe5+ $1 {maintenant les Blancs sont gagnants} 49... Kxe5 50. Kf3 Bc6 51.
g3 hxg3 52. Kxg3 a4 53. c5 axb3 54. axb3 Be8 55. Kg4 Kf6 56. e5+ $1 {le fait qu
e les Noirs ont un Pb (au lieu d'un Pa ou  d'un Pc) assure le gain aux Blancs.
Par exemple :} 56... Kxe5 57. Kxg5 Kd5 58. h4 Kxc5 59. Bg6 Bxg6 60. Kxg6 Kd4
61. h5 Kc3 62. h6 Kxb3 63. h7 Kc2 64. h8=Q b3 65. Qh2+ Kc3 66. Qe5+ Kc2 67.
Qe2+ Kc3 68. Kf5 b2 69. Qd1 Kb4 70. Qc2 Ka3 71. Ke5 $18) 49... Ke7 50. Bb5 $6 {
50.Bxe5 est plus direct Kxd7 51.Bf6 g4 52.hxg4 Bc6 53.Bxh4 +- avec 4P
d'avance, la couleur des B n'a plusd'importance} 50... Nf7 51. Bb6 Nd6 52. Bc5
Bxe4 53. Bxd6+ Kxd6 54. Kxe4 1-0

[Event "Promotion Vitrolles 03/04"]
[Site "?"]
[Date "2003.11.08"]
[Round "2"]
[White "Mengus, Michel"]
[Black "Baquer, Marc"]
[Result "1/2-1/2"]
[WhiteElo "1760"]
[BlackElo "1600"]
[PlyCount "90"]

1. e4 e6 2. d4 d5 3. Nd2 Ne7 4.
Ngf3 b6 5. Bd3 a5 6. O-O Ba6 7. Qe2 Ng6 8. Bxa6 Nxa6 9. c3 Be7 10. exd5 Qxd5
11. Qe4 Qxe4 12. Nxe4 O-O 13. Bg5 Bxg5 14. Nexg5 h6 15. Ne4 15... f5 {
15...Rfd8!? =} 16. Ned2 $16 16... Rfe8 17. Nc4 Rad8 18. Rad1 Nb8 19. Nce5
Nxe5 20. Nxe5 {Le cavalier se sent bien en e5} 20... Rd6 21. f4 Red8 22. Rfe1
Nd7 23. Nc4 Rc6 24. Ne5 Nxe5 25. Rxe5 Rd5 26. Rxd5 exd5 27. Re1 Rd6 28. Re5 g6
29. Kf2 Kf7 30. Kf3 c5 31. g4 fxg4+ 32. Kxg4 c4 33. a4 Kf6 34. h3 Rd8 35. h4
h5+ 36. Kf3 Rd6 37. f5 {37.Rg5 Rd8 38.f5 gxf5 39.Rxh5 b5 40.axb5 Rb8 41.b6
Kg6 42.Rg5+ Kf6 43.Kf4 Rxb6 44.Rxf5+ +-} 37... gxf5 (37... g5 $5 {
est digne de consideration} 38. Kg3 g4 39. Kf4 Kf7 40. Re3 (40. Kg5 Rd8 41. f6
Rg8+ 42. Kf5 g3 43. Re7+ Kf8 44. Re1 g2 45. Rg1 Kf7 46. Ke5 $11) 40... Rc6 $14)
38. Kf4 $16 38... Kg6 39. Rxf5 {
39.Re8!? Kf7 40.Rh8 Kg6 41.Rg8+ Kf7 42.Rg5 +- car les Ph5 et Pf5 vont tomber}
39... Rf6 $11 40. Rxf6+ Kxf6 41. Ke3 Ke7 42. Kf3 Ke6 43. Kg3 Kf5 44. Kf3 Kg6
45. Kf4 Kf6 1/2-1/2

[Event "Promotion Vitrolles 03/04"]
[Site "?"]
[Date "2003.11.08"]
[Round "2"]
[White "Bouriel, Michel"]
[Black "Nakache, Jonathan"]
[Result "0-1"]
[WhiteElo "1390"]
[BlackElo "1560"]
[PlyCount "54"]

1. e4 e5 2. Nf3 Nc6 3. Bb5 a6 4.
Bxc6 dxc6 5. O-O Bg4 6. h3 Bxf3 (6... h5 {est le coup recommande, mais il faut
du carburant theorique pour savoir que le Bg4 n'est pas immediatement prenable}
7. d3 Qf6 8. Nbd2 Ne7 9. Re1 Ng6 10. d4 Bd6 11. hxg4 hxg4 12. Nh2 Rxh2 13. Qxg4
(13. Kxh2 $4 13... Qxf2 14. Re2 exd4+ 15. e5 Bxe5+ 16. Kh1 (16. Rxe5+ Nxe5 17.
Kh1 17... O-O-O $19 {les Blancs sont mat dans toutes les variantes}) 16... Qh4+
17. Kg1 17... O-O-O $19 {(/\...Rh8)}) 13... Qh4 14. Qxh4 Rxh4 15. Nf3 15... Rh5
$11) 7. Qxf3 Nf6 8. d3 h6 9. Nc3 Bc5 10. Qg3 Qd6 11. Qxg7 $2 11... Rg8 {
11...Rh7 gardant le Ph6 12.Qg3 +/- est objectivement moins mauvais pour les
Noirs. Mais le coup joue force l'ouverture des lignes vers le Kblanc} 12. Qxh6
$8 {un P empoisonne : les Blancs ont 2P d'avance, mais les Noirs vont utiliser
les lignes ouvertes sur le K blanc} 12... O-O-O 13. Qd2 {13.Be3 est bon. Les
echanges valorisent le materiel d'avance des Blancs Rg6 14.Bxc5 Qxc5 15.Qe3 +/
-} 13... Qe6 $14 14. Kh2 Rh8 (14... Ng4+ $1 15. Kh1 (15. hxg4 $2 15... Qxg4
16. g3 Rh8+ 17. Kg2 Qh3+ 18. Kf3 18... Qxf1 {
(et la menace 19...Rdg8 ne peut etre paree)} 19. Nd1 ({
sur un autre coup, le mat peut venir tres vite :} 19. b3 $4 19... Rdg8 20. Bb2
Rxg3+ 21. Kxg3 Qh3#) 19... Rdg8 $1 20. Qh6 Qxd1+ 21. Kg2 Qe2 22. Be3 Rxh6 23.
d4 Rxg3+ 24. Kxg3 Rg6+ 25. Bg5 Rxg5+ 26. Kh4 Qg4#) (15. Kg1 $4 15... Nxf2 16.
Rxf2 16... Qxh3 $19 {(/\...Qxg2#)}) 15... Rh8 16. Qg5 Nxf2+ 17. Rxf2 Bxf2 18.
Qf5 Bd4 19. Qxe6+ 19... fxe6 $15) 15. f3 {15.Qg5!? +/-} 15... Rdg8 16. Na4 $4
{16.Qe2 Nh5 17.g4 Qf6 18.Rh1 Nf4 +/=} 16... Ba7 $4 {
il y avait de meilleurs moyens pour maintenir la pression} (16... Ng4+ $142 $3
17. fxg4 Qxg4 18. Qg5 {c'est ce coup qui resiste le mieux} ({sur} 18. Nxc5
18... Rxh3+ $1 19. gxh3 Qg3+ 20. Kh1 Qxh3+ 21. Qh2 Qxf1+ 22. Qg1 Qxg1#) (18.
Rf3 18... Qxf3 $19 {et le mat ne peut qu'etre retarde}) 18... Rxg5 19. Bxg5
Qxg5 20. Nxc5 Rg8 21. Rg1 Qf4+ 22. Kh1 22... Qf2 $19) 17. b4 $4 {
jetant a l'eau son avantage} (17. Qe2 $142 {etait necessaire} 17... Nh5 18. g4
Qf6 19. Rh1 $11 (19. gxh5 $2 19... Rxh5 20. Qd2 20... Qh4 $19 {et le mat suit})
) 17... Nh5 $19 18. Nc5 Qg6 (18... Bxc5 $142 {peut etre le plus court chemin}
19. bxc5 Nf4 20. Qxf4 (20. Kg1 Nxh3+ 21. Kh2 Nf2+ 22. Kg1 Rxg2+ 23. Kxg2 Rh2+
24. Kxh2 Qh3+ 25. Kg1 Qg3#) 20... exf4 21. Bxf4 $19) 19. g4 $4 {
gache la partie 19.Qf2 est meilleur Ng3 20.Rd1 +/-} 19... Nf4 $19 20. Kg1
Rxh3 21. Rf2 (21. Kf2 {
le moins mauvais, d'apres Fritz, est encore de donner la Q} 21... Rh2+ 22. Ke1
Rxd2 23. Bxd2 $19) 21... Rgh8 22. Rh2 Rxh2 (22... Qh6 $1 23. Qe1 Rxh2 24. Bxf4
Qxf4 25. Qh4 Qe3+ 26. Kf1 Qxf3+ 27. Ke1 Qe2#) 23. Qxh2 $19 23... Rxh2 24. Kxh2
(24. Bxf4 {n'est pas bon, mais quoi d'autre?} 24... Rxc2 {
(/\...Qh7 suivi du mat)} 25. Rc1 Rxa2 26. Be3 26... Qh7 $19) 24... Qh6+ 25. Kg3
{25.Kg1 Ne2+ 26.Kf2 Qh2+ 27.Ke1 Ng3 28.Nxb7 Qe2#} 25... Qh3+ 26. Kf2 Qg2+ 27.
Ke1 Qe2# 0-1

[Event "Promotion Vitrolles 03/04"]
[Site "?"]
[Date "2003.11.22"]
[Round "3"]
[White "Baquer, Marc"]
[Black "Bouriel, Michel"]
[Result "1-0"]
[WhiteElo "1600"]
[BlackElo "1390"]
[PlyCount "67"]

1. d4 Nf6 2. c4 e6 3. Nc3 Bb4 4. Qc2 b6
5. Bg5 Bb7 6. a3 Bxc3+ 7. bxc3 O-O 8. e3 d6 9. f3 {Securise e4} 9... Nbd7 10.
Bd3 h6 11. Bh4 c5 12. e4 Qc7 13. Ne2 Rab8 14. O-O a6 15. d5 {
Les Blancs gagnent de l'espace 15.Rab1 b5 =} 15... e5 {
ou bien 15...exd5 16.exd5 (16.cxd5? c4 -+) b5 17.Rad1 =/+} 16. f4 {
16.Rab1 Rfe8 =} 16... exf4 $15 17. Bxf6 {
bien sur, pas 17.Rxf4 g5 18.Rxf6 Nxf6 -/+} 17... Nxf6 18. Nxf4 Ng4 19. Qe2
19... Ne5 {un avant poste ideal pour le N} 20. Bc2 Bc8 21. h3 {
limite la portee du Bc8} 21... a5 {
21...Re8 22.Ba4 b5 23.cxb5 Qa5 24.Bc2 Rxb5 =/+} 22. Nd3 {
22.Ba4!? = pour activer le mauvais B} 22... Nxc4 $15 23. Bb3 b5 24. Bxc4 bxc4
25. Nf4 Ba6 26. Qg4 {26.Rf3 Qe7 27.Raf1 Kh8 =/+} 26... Qc8 {
26...Qe7!? 27.Nh5 Qg5 28.Qxg5 hxg5 -/+} 27. Qg3 $11 {#} 27... Qd7 (27... Qd8
$142 {autoriserait les Noirs a continuer} 28. Nh5 Qg5 29. Qxd6 Qxh5 30. Qxa6
Rb2 31. Qxc4 Qg5 32. Rf2 Qe3 33. Qf1 Rxf2 34. Qxf2 Qxc3 35. Ra2 $11) 28. Nh5
$16 28... f6 $4 {un oubli. Mais les Noirs etaient perdus de toute facon. 28...
f5 29.exf5 Qf7 30.f6 g5 31.Nf4 +-} 29. Rxf6 $18 29... Kh8 (29... Qe7 {
ne suffit pas} 30. Rxd6 (30. Qxd6 $6 30... Qxd6 31. Rxd6 31... Bb5 $18) 30...
Bb5 31. Rg6 $18) 30. Rxd6 30... Qa7 {30...Qe7 ne sauve rien 31.Nxg7! Qg5 (31..
.Qxg7 32.Rg6 Qh7 33.Qe5+ et le mat suit) 32.Qxg5 hxg5 33.Ne6 +-} 31. Rxa6 Qd7
32. Re6 {32.Nxg7!? est le plus court chemin vers la victoire Qxg7 33.Rg6 Rb7
34.Rxg7 Rxg7 35.Qd6 +-} 32... Qf7 {
sur 32...Rbe8 33.Qe5 Kg8 34.Nxg7 Qxg7 35.Rxe8 Qxe5 36.Rxe5 +-} 33. Rg6 Kh7
34. Rxg7+ 1-0

[Event "Promotion Vitrolles 03/04"]
[Site "?"]
[Date "2003.11.22"]
[Round "3"]
[White "Alpe, Jean-Charles"]
[Black "Mengus, Michel"]
[Result "0-1"]
[WhiteElo "1430"]
[BlackElo "1760"]
[PlyCount "48"]
[EventDate "2003.??.??"]

1. e4 d6 2. d4 Nf6 3. Bd3 g6 4. f3 (4. Nf3 Bg7 5. c3 O-O 6. O-O $14) 4... Bg7
5. Ne2 c6 6. O-O b5 7. a3 a5 8. Bd2 O-O 9. Qc1 h5 10. Bh6 Qb6 11. Bxg7 Kxg7 12.
Kh1 e5 13. dxe5 dxe5 14. c4 {14.Nbc3 Be6 15.Qg5 Nbd7 16.f4 +/=} Be6 15. b3 {
15.cxb5!? Rd8 16.Qc2 cxb5 17.Nbc3 =} Na6 {les Noirs preparent ...b4} 16. cxb5
cxb5 17. Nbc3 b4 18. Na4 Qd6 19. Bxa6 Qxa6 20. Qe3 Rad8 (20... Bxb3 $5 21. Nc5
Qb6 22. Rfc1 (22. Qxb3 Qxc5 23. Rfc1 $15 (23. Rac1 a4 24. Qa2 Qe7 $17)) 22...
Be6 $15) 21. Nc5 Qb5 {21...Qd6 22.Kg1 +/= pour pouvoir disputer la colonne d
aux Noirs sans craindre le mat du couloir} 22. Nxe6+ $16 fxe6 23. Nc1 $4 {
dommage, la victoire souriait aux plutot aux Blancs 23. axb4 axb4 24.Rfc1 Rd6
(Rd3 25.Qg5 +/-) 25.Rc4 +/-} Qxf1+ $19 24. Qg1 Rd1 0-1

[Event "Promotion Vitrolles 03/04"]
[Site "?"]
[Date "2003.11.22"]
[Round "3"]
[White "Andreis, Pierre"]
[Black "Bordenave, Robert"]
[Result "1-0"]
[WhiteElo "1700"]
[BlackElo "1690"]
[PlyCount "63"]

1. e4 c6 2. d4 d5 3. exd5
cxd5 4. c4 e6 5. cxd5 exd5 6. Nc3 Nf6 7. Bg5 Be7 8. Qb3 {
Attaque le pion isole en d5} 8... O-O 9. Nf3 Nc6 10. Be2 Re8 11. O-O 11... b6 {
11...h6!? 12.Bf4 a6 =} 12. Bb5 $14 12... Na5 13. Qa4 Rf8 14. Rfe1 a6 15. Bd3
h6 (15... Be6 16. Qc2 h6 17. Bxf6 Bxf6 18. Bh7+ Kh8 19. Bf5 Nc6 20. Bxe6 fxe6
21. Rad1 Qd6 22. Qe2 22... Rfe8 $11) 16. Bh4 {
16.Bxf6!? Bxf6 17.b4 Bd7 18.Qc2 Nc6 19.Nxd5 +/-} 16... Be6 $11 17. Ne5 17...
Rc8 $2 {17...b5 18.Qd1 Re8 =} 18. Bxa6 $18 18... Ra8 19. Bb5 {#} 19... Nc4 $2
{19...Ne4 20.Bxe7 Qxe7 21.Nxe4 dxe4 22.Qc2 +/-} 20. Qc2 {
20.Nc6! Rxa4 21.Nxd8 Rxd8 22.Nxa4 g5 23.Bg3 +-} 20... Nd6 $2 {
20...Nxe5 21.dxe5 Ne8 22.Bxe7 Qxe7 +/-} 21. Nc6 $18 21... Qc7 22. Nxe7+ Qxe7
23. Nxd5 $1 {une fin convaincante} 23... Qa7 24. Nxf6+ gxf6 25. Bd3 (25. Bxf6 {
semble meme mieux} 25... Rfc8 (25... Nxb5 26. Qd2 Kh7 27. Qd3+ Kg8 28. Qg3+ {
mat en 2}) 26. Qd2 Kh7 27. Bd3+ 27... Bf5 $18) 25... Rac8 26. Qd2 Kg7 27. Qf4
Ne8 28. Re3 f5 (28... Rh8 {n'est pas bon, mais quoi d'autre?} 29. d5 $1 29...
Qc7 (29... Bd7 30. Rxe8 {et mat en 5}) 30. Qb4 Qc5 31. Qxc5 bxc5 32. dxe6 $18)
29. Rg3+ Kh7 30. Bxf5+ Bxf5 31. Qxf5+ Kh8 32. Bf6+ (32. Bf6+ Nxf6 33. Qxf6+ Kh7
34. Qg7#) 1-0